Tecnología, cultural, vida cotidiana y académica /
محفوظ في:
| المؤلف الرئيسي: | |
|---|---|
| التنسيق: | غير معروف |
| اللغة: | Spanish |
| الموضوعات: | |
| الوسوم: |
إضافة وسم
لا توجد وسوم, كن أول من يضع وسما على هذه التسجيلة!
|
MARC
| LEADER | 000000000a22000000004500 | ||
|---|---|---|---|
| 001 | 001956 | ||
| 041 | 0 | |a spa | |
| 100 | 1 | |a Kosak, Gidela | |
| 245 | 1 | 0 | |a Tecnología, cultural, vida cotidiana y académica / |c Gidela Kosak. |
| 310 | |a semestral | ||
| 650 | 4 | |a HABERMAS, JURGEN, 1929- | |
| 650 | 4 | |a LYOTARG, JEAN-FRANCOIS | |
| 650 | 4 | |a JUEGOS DEL LENGUAJE | |
| 650 | 4 | |a POLITICA | |
| 650 | 4 | |a INFORMATICA | |
| 650 | 4 | |a CRITICA POSMODERNA | |
| 650 | 4 | |a VIDA COTIDIANA | |
| 650 | 4 | |a TRANSFORMACION | |
| 650 | 4 | |a TECNOLOGIA | |
| 650 | 4 | |a INTERNET | |
| 650 | 4 | |a AMERICA LATINA | |
| 773 | 0 | |x 0798-958-X |d Venezuela : Universidad Simón Bolívar |t Estudios: Revista de Investigaciones Literarias y Culturales |g volumen 5, número 10 (1997), páginas 55-64 | |
| 942 | |c ARC | ||
| 999 | |c 9745 |d 9745 | ||
